000 00253nam a2200097Ia 4500
001 770687
005 20250826165701.0
008 250824s9999 xx 000 0 und d
245 0 _aARŞİMET ZEKAİ TATİLDE
_cDURAN ÇETİN
260 _bATLIKARINCA YAYINLARI
999 _c770687
_d770687